[Event "D14"]
[Site "?"]
[Date "2020.08.25"]
[Round "5.7"]
[White "Giemza, Julia"]
[Black "Janikowska, Wiktoria"]
[Result "0-1"]
[BlackElo "1396"]
[WhiteElo "1472"]
[LiveChessVersion "1.4.4"]

1. e4 {[%clk 0:15:19]} c5 {[%clk 0:15:19]} 2. Nf3 {[%clk 0:15:27]} g6
{[%clk 0:15:26]} 3. d4 {[%clk 0:15:36]} cxd4 {[%clk 0:15:34]} 4. Nxd4
{[%clk 0:15:44]} Nc6 {[%clk 0:15:41]} 5. Nc3 {[%clk 0:15:48]} Nf6
{[%clk 0:15:46]} 6. Be3 {[%clk 0:15:48]} Bg7 {[%clk 0:15:52]} 7. Nb3
{[%clk 0:15:48]} O-O {[%clk 0:15:51]} 8. Be2 {[%clk 0:15:56]} d6 {[%clk 0:15:56]}
9. O-O {[%clk 0:16:02]} Ne5 {[%clk 0:15:54]} 10. h3 {[%clk 0:15:58]} Bd7
{[%clk 0:15:41]} 11. f4 {[%clk 0:16:01]} Nc6 {[%clk 0:15:49]} 12. g4
{[%clk 0:15:47]} Ne8 {[%clk 0:11:35]} 13. Qe1 {[%clk 0:13:45]} Nc7
{[%clk 0:11:21]} 14. Bf3 {[%clk 0:12:56]} b5 {[%clk 0:07:47]} 15. Rb1
{[%clk 0:11:57]} a5 {[%clk 0:07:31]} 16. Ne2 {[%clk 0:11:07]} Nb4
{[%clk 0:06:56]} 17. c3 {[%clk 0:10:05]} Nc2 {[%clk 0:06:49]} 18. Qd2
{[%clk 0:10:12]} Nxe3 {[%clk 0:06:56]} 19. Qxe3 {[%clk 0:10:20]} a4
{[%clk 0:06:31]} 20. Nbd4 {[%clk 0:10:15]} e5 {[%clk 0:06:28]} 21. Nc2
{[%clk 0:09:50]} exf4 {[%clk 0:06:13]} 22. Qxf4 {[%clk 0:09:23]} Be5
{[%clk 0:06:16]} 23. Qd2 {[%clk 0:08:49]} Be6 {[%clk 0:06:21]} 24. Nb4
{[%clk 0:08:23]} Qh4 {[%clk 0:05:57]} 25. Bg2 {[%clk 0:07:22]} Bxg4
{[%clk 0:05:57]} 26. hxg4 {[%clk 0:06:17]} Bh2+ {[%clk 0:06:02]} 27. Kh1
{[%clk 0:06:13]} Bg3+ {[%clk 0:06:09]} 28. Kg1 {[%clk 0:06:19]} Qh2#
{[%clk 0:06:17]} 0-1

[Event "D14"]
[Site "?"]
[Date "2020.08.25"]
[Round "6.1"]
[White "Starosta, Martyna"]
[Black "Zabrzanska, Weronika"]
[Result "1-0"]
[BlackElo "1654"]
[WhiteElo "1800"]
[LiveChessVersion "1.4.4"]

1. e4 {[%clk 0:15:18]} e5 {[%clk 0:15:19]} 2. Nf3 {[%clk 0:15:27]} Nc6
{[%clk 0:15:28]} 3. Bb5 {[%clk 0:15:35]} Nge7 {[%clk 0:15:36]} 4. Nc3
{[%clk 0:15:36]} g6 {[%clk 0:15:39]} 5. d4 {[%clk 0:15:42]} exd4 {[%clk 0:15:32]}
6. Nd5 {[%clk 0:15:30]} Nxd5 {[%clk 0:14:55]} 7. exd5 {[%clk 0:15:33]} Qe7+
{[%clk 0:14:31]} 8. Be2 {[%clk 0:12:47]} Ne5 {[%clk 0:14:32]} 9. Nxd4
{[%clk 0:12:32]} Bg7 {[%clk 0:14:23]} 10. O-O {[%clk 0:12:24]} d6
{[%clk 0:13:41]} 11. Bb5+ {[%clk 0:10:28]} Bd7 {[%clk 0:10:27]} 12. f4
{[%clk 0:09:34]} Ng4 {[%clk 0:08:09]} 13. Bxd7+ {[%clk 0:07:51]} Qxd7
{[%clk 0:07:47]} 14. Re1+ {[%clk 0:07:11]} Kf8 {[%clk 0:07:17]} 15. Ne6+
{[%clk 0:06:04]} fxe6 {[%clk 0:06:41]} 16. Qxg4 {[%clk 0:05:27]} Bd4+
{[%clk 0:04:34]} 17. Kh1 {[%clk 0:04:34]} Re8 {[%clk 0:04:04]} 18. dxe6
{[%clk 0:04:00]} Qb5 {[%clk 0:02:53]} 19. f5 {[%clk 0:03:11]} Bf2
{[%clk 0:02:16]} 20. Bh6+ {[%clk 0:03:04]} Ke7 {[%clk 0:01:58]} 21. Qg5#
{[%clk 0:03:12]} 1-0

[Event "D14"]
[Site "?"]
[Date "2020.08.25"]
[Round "6.2"]
[White "Pawicka, Magdalena"]
[Black "Obrochta, Lena"]
[Result "0-1"]
[BlackElo "1504"]
[WhiteElo "1610"]
[LiveChessVersion "1.4.4"]

1. e4 {[%clk 0:15:19]} c5 {[%clk 0:15:19]} 2. Nf3 {[%clk 0:15:27]} e6
{[%clk 0:15:26]} 3. d4 {[%clk 0:15:36]} cxd4 4. Nxd4 a6 {[%clk 0:15:40]} 5. Nc3
{[%clk 0:15:54]} Qc7 {[%clk 0:15:47]} 6. Bd3 {[%clk 0:16:03]} Nf6
{[%clk 0:15:55]} 7. Qe2 {[%clk 0:16:12]} d6 {[%clk 0:16:03]} 8. f4
{[%clk 0:16:21]} Nbd7 {[%clk 0:16:11]} 9. a4 {[%clk 0:16:23]} b6 {[%clk 0:16:20]}
10. O-O {[%clk 0:16:01]} Be7 {[%clk 0:16:28]} 11. Kh1 {[%clk 0:16:07]} O-O
{[%clk 0:16:35]} 12. Be3 {[%clk 0:15:59]} Bb7 {[%clk 0:16:32]} 13. Rae1
{[%clk 0:15:47]} Rfd8 {[%clk 0:15:58]} 14. Bf2 {[%clk 0:15:34]} g6
{[%clk 0:15:34]} 15. e5 {[%clk 0:13:25]} Nh5 {[%clk 0:13:41]} 16. exd6
{[%clk 0:05:23]} Qxd6 {[%clk 0:12:50]} 17. Be3 {[%clk 0:04:48]} Bf6
{[%clk 0:10:57]} 18. Nb3 {[%clk 0:03:49]} Bg7 {[%clk 0:09:26]} 19. Bd2
{[%clk 0:01:42]} Ndf6 {[%clk 0:07:55]} 20. Kg1 {[%clk 0:00:37]} Nd5
{[%clk 0:07:31]} 21. Ne4 {[%clk 0:00:12]} Qc7 {[%clk 0:07:29]} 22. g3
{[%clk 0:00:17]} Qc6 {[%clk 0:07:01]} 23. Qg2 {[%clk 0:00:11]} Qxa4
{[%clk 0:06:56]} 24. Rf2 {[%clk 0:00:14]} Qc6 {[%clk 0:06:59]} 25. Ng5
{[%clk 0:00:21]} a5 {[%clk 0:06:48]} 26. Be4 {[%clk 0:00:30]} a4 27. Nc1
{[%clk 0:00:22]} Bd4 {[%clk 0:06:52]} 28. Nd3 {[%clk 0:00:23]} Bxf2+
{[%clk 0:06:57]} 29. Qxf2 {[%clk 0:00:32]} Nhf6 {[%clk 0:06:33]} 30. Nxf7
{[%clk 0:00:16]} Nxe4 {[%clk 0:05:48]} 31. Nxd8 {[%clk 0:00:12]} Rxd8
{[%clk 0:05:33]} 32. Rxe4 {[%clk 0:00:20]} Nf6 {[%clk 0:05:41]} 0-1

[Event "D14"]
[Site "?"]
[Date "2020.08.25"]
[Round "6.3"]
[White "Bukala, Weronika"]
[Black "Kucharska, Helena"]
[Result "0-1"]
[BlackElo "1421"]
[WhiteElo "1416"]
[LiveChessVersion "1.4.4"]

1. d4 {[%clk 0:15:18]} d5 {[%clk 0:15:19]} 2. c4 {[%clk 0:15:27]} c6
{[%clk 0:15:27]} 3. Nc3 {[%clk 0:15:35]} Nf6 {[%clk 0:15:35]} 4. Bg5
{[%clk 0:15:43]} dxc4 {[%clk 0:15:38]} 5. e4 {[%clk 0:15:45]} b5 {[%clk 0:15:40]}
6. a4 {[%clk 0:15:28]} b4 {[%clk 0:15:47]} 7. Bxf6 {[%clk 0:15:35]} bxc3
{[%clk 0:15:22]} 8. Bg5 {[%clk 0:15:06]} cxb2 {[%clk 0:15:13]} 9. Rb1
{[%clk 0:15:06]} Qa5+ {[%clk 0:15:11]} 10. Bd2 {[%clk 0:13:57]} c3
{[%clk 0:15:18]} 11. Rxb2 {[%clk 0:14:02]} cxd2+ {[%clk 0:15:27]} 12. Rxd2
{[%clk 0:14:10]} e6 {[%clk 0:15:01]} 13. d5 {[%clk 0:13:15]} Bb4 {[%clk 0:14:27]}
14. Nf3 {[%clk 0:13:18]} exd5 {[%clk 0:13:49]} 15. exd5 {[%clk 0:12:31]} O-O
{[%clk 0:13:46]} 16. Be2 {[%clk 0:11:57]} Bxd2+ {[%clk 0:13:46]} 17. Nxd2
{[%clk 0:12:05]} cxd5 {[%clk 0:13:32]} 18. O-O {[%clk 0:12:05]} Ba6
{[%clk 0:13:15]} 19. Re1 {[%clk 0:11:05]} Bxe2 {[%clk 0:13:14]} 20. Rxe2
{[%clk 0:11:12]} Nc6 {[%clk 0:12:53]} 21. Nf3 {[%clk 0:11:15]} Rfe8
{[%clk 0:12:24]} 22. Rd2 {[%clk 0:11:07]} d4 {[%clk 0:12:26]} 23. h4
{[%clk 0:11:04]} Rad8 {[%clk 0:11:55]} 24. Qc2 {[%clk 0:09:53]} Nb4
{[%clk 0:11:35]} 25. Qb3 {[%clk 0:09:59]} d3 {[%clk 0:10:38]} 26. Ng5
{[%clk 0:09:26]} Re1+ {[%clk 0:10:12]} 27. Kh2 {[%clk 0:09:34]} Qc7+
{[%clk 0:10:19]} 28. g3 {[%clk 0:09:20]} Qb7 {[%clk 0:09:57]} 29. Kh3
{[%clk 0:06:13]} h6 {[%clk 0:09:41]} 30. Nxf7 {[%clk 0:05:48]} Qh1+
{[%clk 0:09:33]} 31. Kg4 {[%clk 0:04:47]} Qe4+ {[%clk 0:07:51]} 32. f4
{[%clk 0:04:30]} h5+ {[%clk 0:07:02]} 33. Kxh5 {[%clk 0:04:20]} Qf3+
{[%clk 0:05:44]} 34. Kg6 {[%clk 0:03:32]} Qe4+ {[%clk 0:05:16]} 35. Kh5
{[%clk 0:03:37]} Rd5+ {[%clk 0:04:26]} 36. Ng5 {[%clk 0:03:36]} Qf3+
{[%clk 0:03:36]} 37. g4 {[%clk 0:03:05]} Qxf4 {[%clk 0:03:25]} 0-1

[Event "D14"]
[Site "?"]
[Date "2020.08.25"]
[Round "6.4"]
[White "Janikowska, Wiktoria"]
[Black "Barwinska, Ewa"]
[Result "0-1"]
[BlackElo "1567"]
[WhiteElo "1396"]
[LiveChessVersion "1.4.4"]

1. d4 Nf6 2. Nf3 e6 3. g3 d5 4. Bg2 c6 5. O-O Bd6 6. Nbd2 Nbd7 7. c4 O-O 8. b3
Qe7 9. Bb2 Re8 10. Ne5 Bc7 11. e4 dxe4 12. Nxe4 Nxe4 13. Bxe4 Nf6 14. Bg2 c5 15.
Ba3 Bd6 16. Nf3 Bd7 17. Ne5 cxd4 18. Bxd6 Qxd6 19. Nxd7 Qxd7 20. Qf3 Rab8 21.
Rad1 e5 22. Qd3 Rbd8 23. Rfe1 b6 24. h3 g6 25. Kh2 Qf5 26. Qxf5 gxf5 27. f3 e4
28. fxe4 fxe4 29. g4 e3 30. Rd3 Ne4 31. Bxe4 Rxe4 32. Kg3 Rde8 33. Re2 Kg7 34.
Kf3 Kg6 35. Rd1 f5 36. gxf5+ Kxf5 37. a4 Rg8 38. Rg2 Rf4+ 39. Ke2 Rxg2+ 40. Kd3
Rff2 41. c5 Rd2+ 42. Rxd2 Rxd2+ 0-1

[Event "D14"]
[Site "?"]
[Date "2020.08.25"]
[Round "6.5"]
[White "Szopa, Emilia"]
[Black "Tokarz, Izabela"]
[Result "1/2-1/2"]
[BlackElo "1533"]
[WhiteElo "1214"]
[LiveChessVersion "1.4.4"]

1. e4 c5 2. Ne2 Nc6 3. d4 cxd4 4. Nxd4 e5 5. Nb5 d6 6. Be2 a6 7. N5c3 Be6 8. O-O
Nf6 9. Bg5 Be7 10. Bxf6 Bxf6 11. Nd5 Nd4 12. Bc4 Rc8 13. Bb3 O-O 14. Nbc3 b5 15.
Nxf6+ Qxf6 16. Nd5 Bxd5 17. Bxd5 Nxc2 18. Rc1 Nb4 19. h3 Rxc1 20. Qxc1 Nxd5 21.
exd5 e4 22. Qc6 Qe5 23. Rd1 e3 24. fxe3 Qxe3+ 25. Kh1 Qe2 26. Rb1 Qc4 27. Qxd6
Qxa2 28. Re1 Qxb2 29. Qe7 Qf6 30. Qc7 Qd8 31. Qc5 Re8 32. Rxe8+ Qxe8 33. d6 f6
34. Qd5+ Kf8 35. d7 Qd8 36. Qd6+ Kf7 37. Kh2 b4 38. Qxb4 Qxd7 39. Qc4+ Qe6 40.
Qc7+ Kf8 41. Qd8+ Kf7 42. Qc7+ Kg6 43. Qg3+ Kf7 44. Qc7+ Ke8 45. Qxg7 Qf7 46.
Qh8+ Ke7 47. Qa8 Qc4 48. Qb7+ Kd8 49. Qb8+ Kd7 50. Qh8 Qf4+ 51. Kh1 Qf1+ 52. Kh2
Qf4+ 53. Kh1 Qf5 54. Qg7+ Ke6 55. Qg8+ Ke5 56. Qb8+ Kd4 57. Qd6+ Ke4 58. Qxa6 Kf4
59. Qf1+ Kg5 60. Qc1+ Qf4 61. Qc5+ Qe5 62. Qf8 Qe1+ 63. Kh2 Qe5+ 64. Kh1 h5 65.
Qg7+ Kf4 66. Qh6+ Kg3 67. Qg6+ Kf2 68. Qc2+ Kf1 69. Qd1+ Qe1 70. Qf3+ Qf2 71.
Qd1+ Qe1 1/2-1/2

[Event "D14"]
[Site "?"]
[Date "2020.08.25"]
[Round "6.6"]
[White "Uliasz, Katarzyna"]
[Black "Siekanska, Maria"]
[Result "0-1"]
[BlackElo "1609"]
[WhiteElo "1362"]
[LiveChessVersion "1.4.4"]

1. e4 {[%clk 0:15:19]} c5 {[%clk 0:15:19]} 2. Nc3 {[%clk 0:15:28]} e6
{[%clk 0:15:28]} 3. g3 {[%clk 0:15:22]} d5 {[%clk 0:15:33]} 4. d3
{[%clk 0:15:23]} Nc6 {[%clk 0:15:33]} 5. Bg2 {[%clk 0:15:30]} d4 {[%clk 0:15:24]}
6. Nce2 {[%clk 0:15:35]} e5 {[%clk 0:15:31]} 7. f4 {[%clk 0:15:40]} Bd6
{[%clk 0:15:36]} 8. Nf3 {[%clk 0:15:24]} f6 {[%clk 0:15:34]} 9. O-O
{[%clk 0:15:22]} Bd7 {[%clk 0:15:19]} 10. Bd2 {[%clk 0:14:05]} Nge7
{[%clk 0:14:39]} 11. h3 {[%clk 0:13:03]} Qc7 {[%clk 0:14:34]} 12. f5
{[%clk 0:13:09]} O-O-O {[%clk 0:13:55]} 13. a4 {[%clk 0:12:39]} g6
{[%clk 0:13:48]} 14. fxg6 {[%clk 0:11:30]} hxg6 {[%clk 0:13:43]} 15. Kh2
{[%clk 0:10:28]} Rh7 {[%clk 0:13:07]} 16. Nfg1 {[%clk 0:10:12]} f5
{[%clk 0:12:51]} 17. exf5 {[%clk 0:09:53]} gxf5 {[%clk 0:12:30]} 18. Bg5
{[%clk 0:09:35]} Rg8 {[%clk 0:12:17]} 19. Qd2 {[%clk 0:08:27]} Be6
{[%clk 0:09:39]} 20. a5 {[%clk 0:07:59]} a6 {[%clk 0:09:08]} 21. Ra4
{[%clk 0:06:16]} Qd7 {[%clk 0:08:26]} 22. c3 {[%clk 0:06:09]} Nd5
{[%clk 0:05:59]} 23. cxd4 {[%clk 0:05:46]} cxd4 {[%clk 0:06:05]} 24. Rc1
{[%clk 0:05:31]} Qg7 {[%clk 0:05:21]} 25. Nf3 {[%clk 0:04:40]} Kb8
{[%clk 0:04:32]} 26. Kg1 {[%clk 0:02:36]} Bf7 {[%clk 0:02:54]} 27. h4
{[%clk 0:02:36]} f4 {[%clk 0:02:32]} 28. gxf4 {[%clk 0:02:25]} Nxf4
{[%clk 0:02:28]} 29. Nxf4 {[%clk 0:02:21]} exf4 {[%clk 0:02:37]} 30. Bxf4
{[%clk 0:01:53]} Bxf4 {[%clk 0:02:45]} 31. Qxf4+ {[%clk 0:02:02]} Ka8
{[%clk 0:02:43]} 32. Ng5 {[%clk 0:01:44]} Be8 {[%clk 0:02:45]} 33. Bxc6
{[%clk 0:01:19]} Bxc6 {[%clk 0:02:49]} 34. Rxd4 {[%clk 0:01:03]} Rf8
{[%clk 0:02:18]} 35. Qg4 {[%clk 0:00:59]} Rhh8 {[%clk 0:01:32]} 36. Ne6
{[%clk 0:00:38]} Qe5 {[%clk 0:01:19]} 37. Nxf8 {[%clk 0:00:21]} Qe3+ 38. Kh2
{[%clk 0:00:20]} Qf2+ {[%clk 0:01:22]} 39. Kh3 {[%clk 0:00:26]} Rxh4+
{[%clk 0:01:20]} 40. Qxh4 {[%clk 0:00:30]} Qg2# {[%clk 0:01:29]} 0-1

[Event "D14"]
[Site "?"]
[Date "2020.08.25"]
[Round "6.7"]
[White "Arciszewska, Zuzanna"]
[Black "Skolska, Emilia"]
[Result "1-0"]
[BlackElo "1303"]
[WhiteElo "1515"]
[LiveChessVersion "1.4.4"]

1. d4 {[%clk 0:15:19]} Nf6 {[%clk 0:15:20]} 2. Nf3 {[%clk 0:15:28]} d5
{[%clk 0:15:29]} 3. Bg5 {[%clk 0:15:30]} e6 {[%clk 0:15:37]} 4. e3
{[%clk 0:15:30]} Be7 {[%clk 0:15:45]} 5. c4 {[%clk 0:15:37]} c6 {[%clk 0:15:53]}
6. Nc3 {[%clk 0:15:45]} Nbd7 {[%clk 0:15:55]} 7. Qc2 {[%clk 0:15:46]} O-O
{[%clk 0:15:57]} 8. Bd3 {[%clk 0:15:49]} Re8 {[%clk 0:16:05]} 9. O-O
{[%clk 0:15:57]} Nf8 {[%clk 0:16:05]} 10. h3 {[%clk 0:15:42]} Ng6
{[%clk 0:15:18]} 11. cxd5 {[%clk 0:15:36]} exd5 {[%clk 0:15:26]} 12. Rab1
{[%clk 0:15:35]} Ne4 {[%clk 0:15:08]} 13. Bxe4 {[%clk 0:14:42]} dxe4
{[%clk 0:14:44]} 14. Bxe7 {[%clk 0:12:10]} Qxe7 {[%clk 0:14:53]} 15. Nd2
{[%clk 0:12:18]} f5 {[%clk 0:14:41]} 16. Rbe1 {[%clk 0:12:05]} Qg5
{[%clk 0:12:08]} 17. f4 {[%clk 0:06:25]} Qe7 {[%clk 0:09:27]} 18. d5
{[%clk 0:05:40]} cxd5 {[%clk 0:08:43]} 19. Nxd5 {[%clk 0:05:47]} Qd6
{[%clk 0:08:49]} 20. Nc7 {[%clk 0:05:50]} Be6 {[%clk 0:08:58]} 21. Nxe8
{[%clk 0:05:34]} Rxe8 {[%clk 0:08:57]} 22. b3 {[%clk 0:03:33]} Rc8
{[%clk 0:08:51]} 23. Qd1 {[%clk 0:02:37]} Rc3 {[%clk 0:06:50]} 24. Nxe4
{[%clk 0:01:55]} Qxd1 25. Rxd1 {[%clk 0:02:02]} fxe4 {[%clk 0:06:55]} 26. f5
{[%clk 0:02:11]} Bxf5 {[%clk 0:06:08]} 27. Rxf5 {[%clk 0:02:19]} h6
{[%clk 0:06:17]} 28. Re1 {[%clk 0:01:29]} Rc2 {[%clk 0:06:13]} 29. Rf2
{[%clk 0:01:38]} Rc3 {[%clk 0:06:14]} 30. Rd2 {[%clk 0:01:44]} Rc7
{[%clk 0:06:16]} 31. Rd4 {[%clk 0:01:50]} Re7 {[%clk 0:06:25]} 32. Kf2
{[%clk 0:01:55]} Nh4 {[%clk 0:05:21]} 33. Rd8+ {[%clk 0:01:47]} Kh7
{[%clk 0:05:26]} 34. Kg3 {[%clk 0:01:55]} Nf5+ {[%clk 0:05:29]} 35. Kf4
{[%clk 0:02:03]} Kg6 {[%clk 0:05:10]} 36. Red1 {[%clk 0:01:58]} Kf6
{[%clk 0:05:08]} 37. R1d7 {[%clk 0:01:58]} g5+ {[%clk 0:05:01]} 38. Kg4
{[%clk 0:02:02]} Kg6 {[%clk 0:03:07]} 39. Rg8+ {[%clk 0:02:00]} Kf6
{[%clk 0:02:55]} 40. Rxe7 {[%clk 0:01:51]} Nxe7 {[%clk 0:03:04]} 41. Rd8
{[%clk 0:01:31]} Ke5 {[%clk 0:02:09]} 42. Re8 {[%clk 0:01:25]} Kf6
{[%clk 0:02:16]} 43. Rh8 {[%clk 0:01:24]} Kg6 {[%clk 0:02:08]} 44. Kg3
{[%clk 0:01:00]} Nf5+ {[%clk 0:02:13]} 45. Kf2 {[%clk 0:01:08]} Kf6
{[%clk 0:02:12]} 46. Rb8 {[%clk 0:01:15]} Nd6 {[%clk 0:02:15]} 47. Ke2
{[%clk 0:01:17]} Ke5 {[%clk 0:02:12]} 48. Rh8 {[%clk 0:01:20]} Nf7
{[%clk 0:02:20]} 49. Re8+ {[%clk 0:01:24]} Kd5 {[%clk 0:02:21]} 50. Re7
{[%clk 0:01:17]} Nd6 {[%clk 0:02:22]} 51. Rh7 {[%clk 0:01:19]} 1-0

[Event "D14"]
[Site "?"]
[Date "2020.08.25"]
[Round "7.1"]
[White "Kucharska, Helena"]
[Black "Starosta, Martyna"]
[Result "0-1"]
[BlackElo "1800"]
[WhiteElo "1421"]
[LiveChessVersion "1.4.4"]

1. d4 {[%clk 0:15:18]} Nf6 {[%clk 0:15:19]} 2. Nf3 {[%clk 0:15:26]} g6
{[%clk 0:15:28]} 3. Bf4 {[%clk 0:15:33]} Bg7 {[%clk 0:15:37]} 4. e3
{[%clk 0:15:40]} O-O {[%clk 0:15:44]} 5. h3 {[%clk 0:15:47]} d6 {[%clk 0:15:53]}
6. Nbd2 {[%clk 0:15:35]} Nbd7 {[%clk 0:15:58]} 7. Be2 {[%clk 0:15:31]} Qe8
{[%clk 0:16:02]} 8. Bh2 {[%clk 0:15:22]} e5 {[%clk 0:15:43]} 9. dxe5
{[%clk 0:15:28]} dxe5 {[%clk 0:15:31]} 10. e4 {[%clk 0:15:34]} Nh5
{[%clk 0:15:08]} 11. Bc4 {[%clk 0:14:19]} Nf4 {[%clk 0:14:15]} 12. O-O
{[%clk 0:13:29]} Nc5 {[%clk 0:13:10]} 13. Re1 {[%clk 0:11:34]} Be6
{[%clk 0:10:54]} 14. Ng5 {[%clk 0:06:44]} Bxc4 {[%clk 0:10:24]} 15. Nxc4
{[%clk 0:06:50]} Rd8 {[%clk 0:10:03]} 16. Qg4 {[%clk 0:05:57]} h5
{[%clk 0:07:17]} 17. Qg3 {[%clk 0:04:33]} Rd4 {[%clk 0:05:53]} 18. Qc3
{[%clk 0:02:17]} Bf6 {[%clk 0:04:38]} 19. h4 {[%clk 0:01:06]} Bxg5
{[%clk 0:00:48]} 20. hxg5 {[%clk 0:01:14]} Rxe4 {[%clk 0:00:37]} 21. Nxe5
{[%clk 0:00:31]} Ne2+ {[%clk 0:00:36]} 22. Rxe2 {[%clk 0:00:32]} Rxe2
{[%clk 0:00:44]} 23. Qxc5 {[%clk 0:00:41]} Qd8 {[%clk 0:00:35]} 24. Nd3
{[%clk 0:00:35]} b6 {[%clk 0:00:35]} 25. Qc3 {[%clk 0:00:30]} c5 {[%clk 0:00:40]}
26. Ne5 {[%clk 0:00:27]} Qxg5 {[%clk 0:00:44]} 27. Qf3 {[%clk 0:00:33]} Rxe5
{[%clk 0:00:43]} 28. Bxe5 {[%clk 0:00:40]} Qxe5 {[%clk 0:00:52]} 29. c3
{[%clk 0:00:48]} Rd8 {[%clk 0:00:56]} 30. Rd1 {[%clk 0:00:55]} Rxd1+
{[%clk 0:00:58]} 31. Qxd1 {[%clk 0:01:04]} Kg7 {[%clk 0:01:08]} 32. Qd2
{[%clk 0:00:44]} Qe4 {[%clk 0:01:16]} 33. b3 {[%clk 0:00:39]} a5 {[%clk 0:01:17]}
34. Qb2 {[%clk 0:00:27]} Qe1+ {[%clk 0:01:13]} 35. Kh2 {[%clk 0:00:36]} Qe5+
{[%clk 0:01:22]} 36. Kg1 {[%clk 0:00:43]} b5 {[%clk 0:01:27]} 37. Qc2
{[%clk 0:00:34]} b4 {[%clk 0:01:27]} 38. cxb4 {[%clk 0:00:41]} axb4
{[%clk 0:01:35]} 39. Qd2 {[%clk 0:00:24]} Qc3 {[%clk 0:01:40]} 40. Qe2
{[%clk 0:00:31]} Qc1+ {[%clk 0:01:41]} 41. Kh2 {[%clk 0:00:38]} Qf4+
{[%clk 0:01:49]} 42. Kg1 {[%clk 0:00:29]} h4 {[%clk 0:01:48]} 43. Qb2+
{[%clk 0:00:28]} Qd4 {[%clk 0:01:56]} 44. Qe2 {[%clk 0:00:35]} g5
{[%clk 0:01:51]} 45. Qh5 {[%clk 0:00:21]} f6 {[%clk 0:01:50]} 46. Qe2
{[%clk 0:00:22]} Kg6 {[%clk 0:01:37]} 47. Qe8+ {[%clk 0:00:30]} Kf5
{[%clk 0:01:37]} 48. Qe2 {[%clk 0:00:31]} g4 {[%clk 0:01:33]} 49. Qc2+
{[%clk 0:00:28]} Kg5 {[%clk 0:01:35]} 50. Qc1+ {[%clk 0:00:33]} Kh5
{[%clk 0:01:38]} 51. Qc2 {[%clk 0:00:32]} g3 {[%clk 0:00:51]} 52. Qh7+
{[%clk 0:00:34]} Kg5 {[%clk 0:01:00]} 53. Qg7+ {[%clk 0:00:36]} Kf5
{[%clk 0:00:42]} 54. Qh7+ {[%clk 0:00:38]} Ke5 {[%clk 0:00:44]} 55. Qe7+
{[%clk 0:00:29]} Kf4 {[%clk 0:00:44]} 56. Qc7+ {[%clk 0:00:20]} Qe5
{[%clk 0:00:33]} 57. fxg3+ {[%clk 0:00:21]} hxg3 {[%clk 0:00:39]} 58. Qxe5+
{[%clk 0:00:25]} fxe5 {[%clk 0:00:48]} 59. Kf1 {[%clk 0:00:34]} Ke3
{[%clk 0:00:54]} 60. Ke1 {[%clk 0:00:42]} e4 {[%clk 0:01:03]} 61. Kf1
{[%clk 0:00:49]} Kd2 {[%clk 0:01:12]} 62. Kg1 {[%clk 0:00:57]} e3 0-1

[Event "D14"]
[Site "?"]
[Date "2020.08.25"]
[Round "7.2"]
[White "Obrochta, Lena"]
[Black "Zabrzanska, Weronika"]
[Result "1-0"]
[BlackElo "1654"]
[WhiteElo "1504"]
[LiveChessVersion "1.4.4"]

1. e4 {[%clk 0:15:19]} e5 {[%clk 0:14:44]} 2. Nc3 {[%clk 0:15:16]} Nc6
{[%clk 0:14:42]} 3. f4 {[%clk 0:15:13]} d6 {[%clk 0:14:27]} 4. Nf3
{[%clk 0:15:19]} Nf6 {[%clk 0:13:48]} 5. Bc4 {[%clk 0:15:06]} Be7
{[%clk 0:12:58]} 6. d3 {[%clk 0:15:13]} a6 {[%clk 0:12:59]} 7. a4
{[%clk 0:15:06]} O-O {[%clk 0:11:58]} 8. f5 {[%clk 0:14:03]} Nb4 {[%clk 0:09:26]}
9. O-O {[%clk 0:10:21]} c6 {[%clk 0:09:11]} 10. Bb3 {[%clk 0:10:11]} Qc7
{[%clk 0:08:04]} 11. Ne2 {[%clk 0:08:55]} d5 {[%clk 0:06:34]} 12. Ng3
{[%clk 0:08:35]} dxe4 {[%clk 0:05:36]} 13. dxe4 {[%clk 0:08:40]} c5
{[%clk 0:04:45]} 14. Qe2 {[%clk 0:07:46]} Rb8 {[%clk 0:04:23]} 15. a5
{[%clk 0:04:45]} Nc6 {[%clk 0:04:25]} 16. Bd2 {[%clk 0:04:53]} Nd4
{[%clk 0:04:20]} 17. Nxd4 {[%clk 0:04:54]} cxd4 {[%clk 0:04:27]} 18. Kh1
{[%clk 0:04:42]} Bd7 {[%clk 0:04:23]} 19. Qf3 {[%clk 0:04:03]} Bc6
{[%clk 0:03:49]} 20. Rae1 {[%clk 0:03:35]} Bc5 {[%clk 0:03:35]} 21. Nh5
{[%clk 0:03:03]} Be7 {[%clk 0:02:01]} 22. Nxf6+ {[%clk 0:02:23]} Bxf6
{[%clk 0:02:01]} 23. g4 {[%clk 0:01:28]} Qe7 {[%clk 0:01:37]} 24. Rg1
{[%clk 0:01:02]} Bg5 {[%clk 0:01:27]} 25. Bxg5 {[%clk 0:01:00]} Qxg5
{[%clk 0:01:36]} 26. Qg3 {[%clk 0:00:51]} Rfe8 {[%clk 0:01:11]} 27. Rgf1
{[%clk 0:00:52]} Qd2 {[%clk 0:00:41]} 28. g5 {[%clk 0:00:42]} Bb5
{[%clk 0:00:37]} 29. Rg1 {[%clk 0:00:39]} Qf4 {[%clk 0:00:23]} 30. Qxf4
{[%clk 0:00:39]} exf4 {[%clk 0:00:32]} 31. g6 {[%clk 0:00:48]} hxg6
{[%clk 0:00:27]} 32. fxg6 {[%clk 0:00:57]} Re5 {[%clk 0:00:29]} 33. gxf7+
{[%clk 0:00:55]} Kf8 {[%clk 0:00:37]} 34. Rg4 {[%clk 0:00:45]} g5
{[%clk 0:00:43]} 35. h4 {[%clk 0:00:52]} Bc6 {[%clk 0:00:42]} 36. Rxg5
{[%clk 0:00:50]} Rxg5 {[%clk 0:00:35]} 37. hxg5 {[%clk 0:00:59]} Kg7
{[%clk 0:00:44]} 38. Kg2 {[%clk 0:00:59]} Kg6 {[%clk 0:00:52]} 39. Kf3 Kxg5
{[%clk 0:00:59]} 40. Rg1+ {[%clk 0:01:15]} Kf6 {[%clk 0:00:33]} 41. Rg8
{[%clk 0:01:23]} Re8 {[%clk 0:00:13]} 42. Rxe8 {[%clk 0:01:22]} 1-0